|
|
|
|
| LEADER |
00000cam a2200000 a 4500 |
| 001 |
vtls008679323 |
| 003 |
SK-MaSNL |
| 005 |
20260301021649.0 |
| 008 |
160627s1999 xo o g 000 0bslo |
| 020 |
|
|
|a (brož.)
|
| 035 |
|
|
|a MIZKGZ64007
|
| 040 |
|
|
|a SNK
|b slo
|c SNK
|e AACR2
|
| 041 |
0 |
|
|a slo
|
| 043 |
|
|
|a e-xo---
|
| 044 |
|
|
|a xo
|c SK
|
| 072 |
|
7 |
|a 929 Biografie
|2 konspekt
|
| 072 |
|
7 |
|a 27-5
|x Kresťanské umenie a symbolika. Duchovný život
|2 konspekt
|
| 080 |
|
|
|a 27-34
|2 2001
|
| 080 |
|
|
|a 27-726.6-053.6
|2 2001
|
| 080 |
|
|
|a 27-567
|2 2001
|
| 080 |
|
|
|a (437.6)
|2 2001
|
| 080 |
|
|
|a (092)
|2 2001
|
| 245 |
0 |
0 |
|a Anka Kolesárová, mučenica čistoty
|b informačný bulletin o Anke Kolesárovej a Púti radosti I. a II.
|
| 250 |
|
|
|a 3. vydanie
|
| 260 |
|
|
|a Košice
|b Univerzitné pastoračné centrum
|c 1999
|
| 300 |
|
|
|a 31 strán
|b fotografie
|c 18 cm
|
| 600 |
1 |
7 |
|a Kolesárová, Anna,
|c blahoslavená,
|d 1928-1944
|2 SNKMA
|9 55771
|
| 650 |
0 |
7 |
|a kresťanskí mučeníci
|2 SNKPH
|9 69002
|
| 650 |
0 |
7 |
|a kresťanská mládež
|2 SNKPH
|9 86844
|
| 650 |
0 |
7 |
|a náboženské púte
|2 SNKPH
|9 1967
|
| 651 |
|
7 |
|a Vysoká nad Uhom (Slovensko)
|2 SNKPH
|9 51791
|
| 655 |
|
7 |
|a informačné publikácie
|2 SNKPH
|9 70181
|
| 999 |
|
|
|c 565811
|d 567741
|
| 952 |
|
|
|a SNK
|b SNK
|y VYP
|7 0
|p 17A1537193
|o snkOSD 8975 D1
|i snk2025/9576
|8 7
|0 0
|1 0
|4 0
|d 2025-06-16
|l 0
|r 2026-02-23 13:57:10
|w 2026-02-23
|
| 952 |
|
|
|a SNK
|b SNK
|y PREZ
|7 0
|p 17A0514694
|o snkOSD 8975
|i snk2006/13131
|8 3
|g 1.00
|0 0
|1 0
|4 0
|d 2006-06-29
|l 0
|r 2026-02-23 13:57:10
|w 2026-02-23
|